header

Perspectives on variation (Record no. 213084)

MARC details
000 -LEADER
fixed length control field 01459nam a2200361Ia 4500
082 04 - DEWEY DECIMAL CLASSIFICATION NUMBER
Classification number 417/.7
245 00 - TITLE STATEMENT
Title Perspectives on variation
260 ## - PUBLICATION, DISTRIBUTION, ETC. (IMPRINT)
Place of publication Berlin ;
-- New York :
Name of publisher Mouton de Gruyter,
Year of publication c2005.
300 ## - PHYSICAL DESCRIPTION
Number of Pages vi, 345 p. :
Other physical details ill.
490 0# - SERIES STATEMENT
Series statement Trends in linguistics. Studies and monographs ;
650 #0 - SUBJECT ADDED ENTRY--TOPICAL TERM
Topical Term Language and languages
Topical Term Linguistics.
700 1# - ADDED ENTRY--PERSONAL NAME
Personal name Delbecque, Nicole.
Personal name Auwera, Johan van der.
Personal name Geeraerts, Dirk,
856 40 - ELECTRONIC LOCATION AND ACCESS
Uniform Resource Identifier http://site.ebrary.com/lib/rucke/Doc?id=10597496

No items available.

© 2026 Rongo University
Contact us: librarian | system librarian | Rongo university